Monitorovanie znečisťujúcich látok generovaných aditívnou výrobou

Gespeichert in:
Bibliographische Detailangaben
1. Verfasser: Mészáros, Daniel (Verfasst von)
Weitere Verfasser: Buranská, Eva (Betreuung Doktorarbeit)
Format: Manuskript Buch
Sprache:Slowakisch
Veröffentlicht: 2022
Schlagworte:
Online-Zugang:http://is.stuba.sk/zp/portal_zp.pl?podrobnosti=164358
Tags: Tag hinzufügen
Keine Tags, Fügen Sie das erste Tag hinzu!

MARC

LEADER 00000ntm a22000003a 4500
001 stuzp89228
003 SK-STU
005 20220611212005.6
007 ta
008 150427s2015----xo-----f-mn---000-0-slo-d
040 |a STU  |b slo 
041 0 |a slo 
100 1 |a Mészáros, Daniel  |u 065000  |k Z4  |4 aut  |U MTF Materiálovotechnologická fakulta  |T MTF Ústav integrovanej bezpečnosti  |X 91643  |U M5000  |Y 85  |7 91643 
242 0 1 |a Monitoring of contaminants generated by additive manufacturing  |y eng 
245 1 0 |a Monitorovanie znečisťujúcich látok generovaných aditívnou výrobou 
260 |c 2022 
650 4 |a aditívna výroba  |2 slo 
650 4 |a 3D tlač  |2 slo 
650 4 |a meranie  |2 slo 
650 4 |a emisie ultrajemných častíc  |2 slo 
650 4 |a organické prchavé látky  |2 slo 
650 4 |a ultrafine particle emissions  |2 eng 
650 4 |a organic volatile substances  |2 eng 
650 4 |a 3D printing  |2 eng 
650 4 |a measurement  |2 eng 
650 4 |a additive manufacturing  |2 eng 
700 1 |a Buranská, Eva  |u 065200  |k Z1  |4 ths  |U MTF Ústav integrovanej bezpečnosti  |T MTF Katedra bezpečnostného inžinierstva  |X 28428  |U M5200  |Y 192  |7 28428 
856 4 |u http://is.stuba.sk/zp/portal_zp.pl?podrobnosti=164358 
996 |c M* DP-14973  |l MMSKP  |s P  |a 0  |w stuzp89228_0001